Statystyki dla Kraje Ameryki Północnej

Kliknij tutaj aby rozwiązać quiz!

Ogólne statystyki

  • Ten quiz został rozwiązany 338 razy
  • Średni wynik to 15 z 23

Odpowiedzi na mapie

Odpowiedzi skodowane kolorowo w zielono-czerwonej skali na mapie do tego quizu, zgodnie z poniższymi procentami.
 

Statystyki odpowiedzi

Kraje% Poprawnych
Stany Zjednoczone
99%
Kanada
98%
Meksyk
97%
Kuba
92%
Dominika
82%
Dominikana
78%
Panama
76%
Haiti
68%
Jamajka
68%
Honduras
66%
Salwador
66%
Gwatemala
62%
Nikaragua
60%
Bahamy
57%
Kostaryka
57%
Belize
53%
Barbados
47%
Saint Lucia
45%
Saint Kitts i Nevis
44%
Antigua i Barbuda
41%
Saint Vincent i Grenadyny
39%
Trynidad i Tobago
36%
Grenada
34%

Rozkład punktacji

Percentyl według liczby udzielonych odpowiedzi

Procent ludzi z każdym wynikiem

Twoja historia wyników

Nie rozwiązałeś tego quizu